Т. 56, вып. 1; Биомедицинская химия

Podrobná bibliografie
Parent link:Биомедицинская химия: научно-технический журнал/ Российская академия медицинских наук (РАМН). Т. 56, вып. 1.— , 2003-.— 0042-8809
Jazyk:ruština
Vydáno: 2010
Médium: MixedMaterials Kniha
KOHA link:https://koha.lib.tpu.ru/cgi-bin/koha/opac-detail.pl?biblionumber=421797

MARC

LEADER 00000nam2a2200000 4500
001 421797
005 20231101073641.0
035 |a (RuTPU)RU\TPU\prd\79552 
090 |a 421797 
100 |a 20100401a20039999k y0rusy50 ca 
101 0 |a rus 
102 |a RU 
200 0 |a Т. 56, вып. 1 
210 |d 2010 
461 1 |0 (RuTPU)RU\TPU\prd\20069  |x 0042-8809  |t Биомедицинская химия  |o научно-технический журнал  |f Российская академия медицинских наук (РАМН)  |v Т. 56, вып. 1  |d 2003- 
801 0 |a RU  |b 63413507  |c 20010227  |g PSBO 
801 1 |a RU  |b 63413507  |c 20100401 
801 2 |a RU  |b 63413507  |c 20210309  |g RCR 
942 |c BK 
999 |a НТБ_ТПУ  |b НФ  |e -1/20100108  |p П-9323  |s 8/20090907  |u 0,00  |v 1